000 00470 a2200133 4500
001 ART_3206
005 20260410161713.0
008 260409a
245 1 0 _aNuevamente en torno al problema de asignación de recursos en el sector agropecuario pampeano
100 1 _aPiñeiro, Martín E.
700 1 _aMartínez, Juan Carlos
700 1 _aChevallier Boutell, Carlos
773 0 _tDesarrollo económico
_g- Vol. 16, Nº 61 (abr./jun. 1976)
_wREV1174
999 _c16238
_d16238